000 00428nam a2200193Ia 4500
008 210210b1899 xxu||||| |||| 00| 0 eng d
041 _aeng
082 _a822/727
100 _aLOWELL (J R)
245 _aLiterary essays Vol I
260 _aLondon
_bMacmillan & Co. Ltd.
_c1899
440 _aI
650 _aVol
650 _aLiterary
650 _aI
650 _aessays
690 _aEnglish Prose
906 _a012911
999 _c131742
_d131742